000 00395nam a2200169Ia 4500
005 20250423094703.0
008 250422s9999 xx 000 0 und d
020 _a0721690726
050 _aRC 871 .C33/
245 0 _aCampbell's Urology : study guide
250 _a2nd ed.
260 _aPhiladelphia
260 _bW.B. Saunders Company
260 _c2002
300 _a405 p
942 _cBK
999 _c27989
_d27989